000 01131nam a2200373.c 4500
001 52248
003 ES-MaCES
005 20250203133930.0
008 220426s2022 sp ||||| |||||||||||spa|d
017 _aB 1072-2022
_bDL
020 _a9788416620074
040 _aES-MaCES
_bspa
_cES-MaCES
245 1 0 _aContra la nueva educación
_cAlberto Royo ; pr. de Antonio Muñoz Molina
250 _a6ª ed
260 _aBarcelona
_bPlataforma Editorial
_c2022
300 _a206 p.
_c22 cm
490 0 _aPlataforma actual
541 _cCompra
650 7 _927367
_aeducación
650 7 _927375
_asistema educativo
650 7 _927385
_aenseñanza pública
650 7 _927374
_areforma educativa
650 7 _929392
_asistema de valores
650 7 _927324
_aética
650 7 _927454
_aadquisición de conocimientos
650 7 _927181
_aoportunidades de educación
650 7 _927462
_amétodo pedagógico
650 7 _927400
_ainvestigación pedagógica
653 _aEducación
740 4 2 _aDer Überflüssige Mensch
830 0 _938411
_aPlataforma actual
902 _aLIB Libro
942 _2CES
_cBK
_h4.0.
999 _c52248
_d52248